[Event "San Jose Metropolitano U14 op 45th"]
[Site "San Jose"]
[Date "2024.12.29"]
[Round "7"]
[White "Lezcano Martinez, Christopher"]
[Black "Jimenez Noguera, Matias"]
[Result "0-1"]
[WhiteElo "1633"]
[BlackElo "1400"]
[PlyCount "50"]
[EventDate "2024.12.27"]
[EventType "tourn"]
[EventRounds "9"]
[EventCountry "CRI"]
[SourceTitle "CB02_2025"]
[SourceDate "2025.01.08"]
[SourceVersion "1"]
[SourceVersionDate "2025.01.08"]
[SourceQuality "1"]

1. f4 d5 2. Nf3 Nc6 3. e3 Bg4 4. b3 e6 5. Bb2 f6 6. a3 Bd6 7. Be2 Nge7 8. 0-0 e5 9. fxe5 fxe5 10. d3 0-0 11. Nbd2 Nf5 12. Qc1 Nxe3 13. Re1 Qd7 14. Bf1 Nxf1 15. Kxf1 Rae8 16. Kg1 Qf5 17. b4 e4 18. dxe4 dxe4 19. Nxe4 Rxe4 20. Rxe4 Qxe4 21. Qg5 Rf7 22. Re1 Qf4 23. Re8+ Bf8 24. Bc1 Qxg5 25. Nxg5 Re7 0-1

[Event "San Jose Solidario Blitz op 1st"]
[Site "San Jose"]
[Date "2024.05.04"]
[Round "6"]
[White "Bejarano Sandoval, Allan"]
[Black "Lezcano Martinez, Christopher"]
[Result "1/2-1/2"]
[WhiteElo "1783"]
[BlackElo "1576"]
[PlyCount "67"]
[EventDate "2024.05.04"]
[EventType "swiss (blitz)"]
[EventRounds "9"]
[EventCountry "CRI"]
[SourceTitle "CBM 220 Extra"]
[Source "ChessBase"]
[SourceDate "2024.07.31"]
[SourceVersion "1"]
[SourceVersionDate "2024.07.31"]
[SourceQuality "1"]

1. d4 f5 2. c4 e6 3. Nc3 c6 4. e4 fxe4 5. Nxe4 d5 6. Ng3 Nf6 7. Bg5 Be7 8. Nf3 0-0 9. Rc1 Nbd7 10. Bd3 Ng4 11. Bxe7 Qxe7 12. 0-0 e5 13. cxd5 cxd5 14. dxe5 Ndxe5 15. Be2 Bd7 16. Qxd5+ Be6 17. Qa5 b6 18. Qa4 Nxf3+ 19. Bxf3 Ne5 20. Be2 Qg5 21. f4 Qf6 22. fxe5 Qxe5 23. Bc4 Qd4+ 24. Kh1 Rxf1+ 25. Nxf1 Bxc4 26. Qxc4+ Qxc4 27. Rxc4 Rf8 28. Rc1 Rf2 29. Rb1 g6 30. Kg1 Re2 31. Ng3 Rd2 32. Kf1 h6 33. Ne4 Rc2 34. Nc3 1/2-1/2

[Event "San Jose Solidario Blitz op 1st"]
[Site "San Jose"]
[Date "2024.05.04"]
[Round "2"]
[White "Morera Campos, Hazel Maria"]
[Black "Lezcano Martinez, Christopher"]
[Result "1-0"]
[WhiteElo "1873"]
[BlackElo "1576"]
[PlyCount "103"]
[EventDate "2024.05.04"]
[EventType "swiss (blitz)"]
[EventRounds "9"]
[EventCountry "CRI"]
[SourceTitle "CBM 220 Extra"]
[Source "ChessBase"]
[SourceDate "2024.07.31"]
[SourceVersion "1"]
[SourceVersionDate "2024.07.31"]
[SourceQuality "1"]

1. e4 e6 2. Nc3 d5 3. exd5 exd5 4. d4 c6 5. Nf3 Bd6 6. h3 Nf6 7. Bd3 h6 8. 0-0 0-0 9. Re1 Be6 10. Ne2 Nbd7 11. Nf4 Bxf4 12. Bxf4 Re8 13. c3 Nh5 14. Bh2 Qf6 15. Ne5 Nf4 16. Bxf4 Qxf4 17. Qh5 Qg5 18. Qxg5 hxg5 19. Nf3 g4 20. hxg4 Bxg4 21. Nh2 Nf6 22. f3 Bd7 23. Kf2 Nh5 24. Bc2 Nf4 25. Nf1 Rxe1 26. Rxe1 Re8 27. Rxe8+ Bxe8 28. g3 Nh3+ 29. Ke3 Ng5 30. f4 Nh7 31. Nh2 Bd7 32. g4 Nf6 33. g5 Ng4+ 34. Nxg4 Bxg4 35. f5 Kf8 36. Kf4 Be2 37. Ke5 Ke7 38. f6+ gxf6+ 39. gxf6+ Kd7 40. Bf5+ Kc7 41. Kf4 Kd6 42. Kg5 Bf3 43. Bh7 b6 44. Kh6 Be4 45. Bg8 Ke6 46. Kg7 Bg6 47. b3 c5 48. a3 b5 49. dxc5 Bc2 50. Bxf7+ Kd7 51. b4 Be4 52. Bg8 1-0